| 000 | 01977nam a2200385 c 4500 | ||
|---|---|---|---|
| 003 | BLK | ||
| 005 | 20180422103906.0 | ||
| 008 | 180408b bul|||||r ||||||| ||bul|| | ||
| 010 | _aKNG00085001000 | ||
| 020 |
_a978-954-608-151-3 _bиздат.: Труд и право |
||
| 040 | _aBLK | ||
| 041 |
_aBUL _cBUL |
||
| 080 |
_aСтопанско законодателство. Търговия. Индустрия _b351.82 _x:347.72(497.2)(094.5.072) _z351.82:347.72(497.2)(094.5.072) |
||
| 080 |
_aСтопанско законодателство. Търговия. Индустрия _b351.82 _x:334(497.2)(094.5.072) _z351.82:334(497.2)(094.5.072) |
||
| 700 | 1 |
_aКацарски, Александър Николов _eкомент. _9372331 |
|
| 710 | 1 |
_aБългария. Закони и др. п. _9243213 |
|
| 139 |
_aБългария. Закони и др. п. _bБ 92 |
||
| 245 | 1 | 0 |
_aАктуални промени в търговското право _bТърговски закон ; Закон за кооперациите ; Приложен комент. _cкомент. Александър Николов Кацарски. |
| 257 | _aBGR | ||
| 260 |
_аСофия _bТруд и право _c2007 _fСофия : Д. Благоев |
||
| 300 |
_a400 с. _c20 см |
||
| 380 | _a3 | ||
| 500 | _aКомент. отбелязан на кор. - Офс. изд. | ||
| 650 | 4 |
_aТърговско право - България - законодателни и директивни материали _9269877 |
|
| 650 | 4 |
_aКооперации - България - законодателни и директивни материали _9269646 |
|
| 653 | _aтърговия | ||
| 653 | _aзаконодателство | ||
| 653 | _aтърговско право | ||
| 653 | _aкооперативно дело | ||
| 852 | _aЦб 240860 | ||
| 856 | 4 |
_qpdf _u |
|
| 856 | 4 |
_qpdf _u |
|
| 942 |
_cKNG _n0 |
||
| 944 |
_aCR _c22.08.2008 _lф / _kЛюдмила_Стоянова |
||
| 944 |
_aED _c07.04.2011 _lф / _k |
||
| 999 |
_c80513 _d80513 |
||